Game of Thrones Characters with the most Chapters in the Books - Statistics

General Stats
  • This quiz has been taken 122 times
  • The average score is 9 of 10
Answer Stats
Hint Answer % Correct
42 Jon
98%
49 Tyrion
98%
34 Arya
97%
25 Sansa
92%
31 Daenerys
90%
15 Ned
89%
21 Bran
88%
25 Catelyn
79%
17 Jaime
74%
14 Theon
66%
No matching quizzes found
Score Distribution
Percent of People with Each Score
Percentile by Number Answered
Your Score History
You have not taken this quiz